000 00364nam a2200145Ia 4500
008 230917s9999||||xx |||||||||||||| ||und||
040 _e94956
_aMAIN
041 _aEnglish
082 _a370.01 S23T
100 _aSharma, Ram Nath
245 0 _aTextbook of educational philosophy
260 _aNew Delhi
_bKanishka
_c2000
300 _aviii, 525 p.
942 _cBK
999 _c112680
_d112680